000 00448nam a22001697a 4500
005 20251127102415.0
008 251127b |||||||| |||| 00| 0 eng d
020 _a978-0-596-00157-5
100 _aOAKS, SCOTT
245 _aJAVA SECURITY
250 _a2ND ED
260 _aBEIJING
_bOREILLY
_c2001
300 _aXVI, 599P.
500 _aINCLUDES INDEX
650 _a1. JAVA (COMPUTER PROGRAM LANGUAGE) 2. COMPUTER SECURITY
942 _2lcc
_cBK
999 _c216304
_d216304